| 000 | 00983nam a2200253Ia 4500 | ||
|---|---|---|---|
| 001 | 18525 | ||
| 003 | GE_BSU | ||
| 008 | 181216s||||||||xx |||||||||||||| ||und|| | ||
| 020 | _a9789941218040 | ||
| 040 | _cGE_BSU | ||
| 100 | _aბრონტე,ემილი. | ||
| 245 | _aქარიშხლიანი უღელტეხილი | ||
| 245 | _bრომანი:წიგნი 42 | ||
| 245 | _cინგლ.თარგმნა ლევან ინასარიძემ;რედ:სალომე ნიკოლეიშვილი,ყდის დიზაინი:ეთო გზირიშვილი | ||
| 260 | _aთბილისი | ||
| 260 | _bპალიტრაL | ||
| 260 | _c2015 | ||
| 300 | _a343გვ;22სმ. | ||
| 300 | _bყდა ილუსტრირებული | ||
| 541 | _h12ლ. | ||
| 653 | _aრომანი | ||
| 653 | _aქარიშხლიანი უღელტეხილი | ||
| 942 | _cBK | ||
| 999 |
_c51535 _d51535 |
||